000 00308nam a22001337a 4500
008 181010b xxu||||| |||| 00| 0 eng d
020 _a9780857029164
041 _aeng
080 _a371
100 _a25
101 _aEDU
245 _aMultilevel Modeling in Plain Language
_cRobson,K
942 _2udc
_cBK
999 _c49266
_d49266